Darwin to DNA, molecules to humanity / (Record no. 21727)
[ view plain ]
| 000 -LEADER | |
|---|---|
| fixed length control field | 00835cam a2200277 a 4500 |
| 001 - CONTROL NUMBER | |
| control field | 4679434 |
| 003 - CONTROL NUMBER IDENTIFIER | |
| control field | BD-DhUL |
| 005 - DATE AND TIME OF LATEST TRANSACTION | |
| control field | 20141207141248.0 |
| 008 - FIXED-LENGTH DATA ELEMENTS--GENERAL INFORMATION | |
| fixed length control field | 810911s1982 caua b 001 0 eng |
| 010 ## - LIBRARY OF CONGRESS CONTROL NUMBER | |
| LC control number | 81015152 |
| 020 ## - INTERNATIONAL STANDARD BOOK NUMBER | |
| International Standard Book Number | 0716713314 |
| 020 ## - INTERNATIONAL STANDARD BOOK NUMBER | |
| International Standard Book Number | 0716713322 (pbk.) |
| 040 ## - CATALOGING SOURCE | |
| Original cataloging agency | DLC |
| Transcribing agency | DLC |
| Modifying agency | DLC |
| -- | BD-DhUL |
| 050 00 - LIBRARY OF CONGRESS CALL NUMBER | |
| Classification number | QH366.2 |
| Item number | .S718 1982 |
| 082 00 - DEWEY DECIMAL CLASSIFICATION NUMBER | |
| Classification number | 575 |
| Edition number | 19 |
| Item number | STD |
| 100 1# - MAIN ENTRY--PERSONAL NAME | |
| Personal name | Stebbins, G. Ledyard |
| Fuller form of name | (George Ledyard), |
| Dates associated with a name | 1906-2000. |
| 245 10 - TITLE STATEMENT | |
| Title | Darwin to DNA, molecules to humanity / |
| Statement of responsibility, etc. | G. Ledyard Stebbins. |
| 260 ## - PUBLICATION, DISTRIBUTION, ETC. (IMPRINT) | |
| Place of publication, distribution, etc. | San Francisco : |
| Name of publisher, distributor, etc. | W.H. Freeman, |
| Date of publication, distribution, etc. | c1982. |
| 300 ## - PHYSICAL DESCRIPTION | |
| Extent | xiv, 491 p. : |
| Other physical details | ill. ; |
| Dimensions | 25 cm. |
| 365 ## - TRADE PRICE | |
| Price type code | US$ |
| Price amount | 14.95 |
| 500 ## - GENERAL NOTE | |
| General note | Includes index. |
| 504 ## - BIBLIOGRAPHY, ETC. NOTE | |
| Bibliography, etc | Bibliography: p. 457-467. |
| 650 #0 - SUBJECT ADDED ENTRY--TOPICAL TERM | |
| Topical term or geographic name as entry element | Evolution (Biology) |
| 906 ## - LOCAL DATA ELEMENT F, LDF (RLIN) | |
| a | 7 |
| b | cbc |
| c | orignew |
| d | 1 |
| e | ocip |
| f | 19 |
| g | y-gencatlg |
| 942 ## - ADDED ENTRY ELEMENTS (KOHA) | |
| Source of classification or shelving scheme | |
| Koha item type | Books |
| Price effective from | Date last seen | Permanent Location | Not for loan | Date acquired | Source of classification or shelving scheme | Koha item type | Lost status | Withdrawn status | Source of acquisition | Collection code | Damaged status | Shelving location | Barcode | Current Location | Full call number |
|---|---|---|---|---|---|---|---|---|---|---|---|---|---|---|---|
| 2014-12-07 | 2014-12-07 | Dhaka University Science Library | 1983-06-09 | Books | purchased | Non Fiction | General Stacks | A218563 | Dhaka University Science Library | 575 STD |
